000 00601nam a22001937a 4500
999 _c18106
_d18106
008 191204b xxu||||| |||| 00| 0 eng d
020 _a1593632304
040 _aKABU
_cKABU
050 _aLB2364
_b.J64 2007 c. 1
100 _aJohnsen, Susan K.
245 _aIndependent study program
_bteacher's guide
_cSusan K. Johnsen & Kathryn Lee Johnson
260 _aWaco, Texas
_bPrufrock Press Inc.
_c2007
300 _a211 p.
650 _aTutors and tutoring
650 _aIndependent study
650 _aUniversities and colleges
700 _aJohnson, Kathryn Lee
942 _2lcc
_cBK
_hLB2364